Statistics for Spaced

Click here to take the quiz!

General Stats

  • This quiz has been taken 128 times
  • The average score is 8 of 15

Answer Stats

QuestionAnswer% Correct
What is the name of Marsha's teenage daughter?Amber
88%
How many episodes were made?Fourteen
83%
Mike stole a tank and tried to invade which city?Paris
82%
What is Tim's surname?Bisley
78%
What snack food makes Tim violent?Twiglets
77%
Which character has the surname Topp?Brian
73%
Who directed every episode?Edgar Wright
73%
Damien Knox is the head of which comic book company?Darkstar Comics
57%
Which country did Daisy visit to 'discover herself'?India
48%
What is the name of the shop Tim works in?Fantasy Bazaar
45%
On which street is Marsha Klein's property?Meteor Street
43%
What is Mike's surname?Watt
32%
Which US city does Sophie get a new job in?Seattle
28%
Who played Colin?Aida the dog
23%
From which university did Daisy graduate with a third class degree?Kingston university
17%

Score Distribution

Percentile by Number Answered

Percent of People with Each Score

Your Score History

You have not taken this quiz